• 首页
  • 本馆介绍
  • 公告通知
  • 最新文献
  • 馆藏检索
  • 电子资源
  • 读者导购
  • 参考咨询
  • 我的图书馆
  • 登录
  • 详细信息显示
  • 放入我的书架
  • 预约/预借图书
  • 作者相关作品
  • 分类相关作品
  • 丛书相关作品
  • 出版社相关作品

书目信息

  • 表格格式
  • 工作单格式
  • 卡片格式
题名:
知识产权精品案例评析
    
 
作者: 黎炽森 主编
分册: 2018  
出版信息: 北京   知识产权出版社有限责任公司  2019
页数: 432页
开本: 24cm
丛书名:
单 册:
中图分类: D923.405 , D923.4
科图分类:
主题词: 知识产权法--案例--中国
电子资源:
ISBN: 978-7-5130-6181-0
000 01477nam0 2200253 450
001 2048790511
005 20201127133538.08
010    @a978-7-5130-6181-0@dCNY98.00
100    @a20190507d2019 em y0chiy50 ea
101 0  @achi
102    @aCN@b110000
105    @ay zn 000yy
200 1  @a知识产权精品案例评析@9zhi shi chan quan jing pin an li ping xi@h2018@b专著@dAnalysis and review of selected intellectual property cases@h2018@f黎炽森主编@zeng
210    @a北京@c知识产权出版社有限责任公司@d2019
215    @a432页@d24cm
304    @a广州知识产权法院组织编写
330    @a本书收集的47个案例是本书编委会组织资深法官从2018年审理的优秀案件中评选出的精品,并配以最新解读评析。本书延续2017年出版的《知识产权精品案例评析(2015-2017)》的案例汇编思路,在编排体例上,本书围绕广州知识产权法院践行的“司法主导、严格保护、分类施策、比例协调”司法政策要求,从深化审判理念、破解审判难题、准确划定权利边界、统一侵权判定尺度、平等保护市场主体五方面进行归类,以突出法院在解决举证难、赔偿低、周期长“三难”问题上的成果,彰显在保障科技创新方面、在营造法治营商环境方面的实效。希望读者能从法官们的亲自说法中体会到判决的温度、深度和亮度,从提炼的裁判规则中感受到知识产权司法保护的主导性、全面性和权威性。
510 1  @aAnalysis and review of selected intellectual property cases@h2018@zeng
606 0  @a知识产权法@x案例@y中国
690    @aD923.405@v5
690    @aD923.4@v4
701  0 @a黎炽森@9li chi sen@4主编
801  2 @aCN@b58marc.cn@c20190515
905    @aMUSE@dD923.4@e12:2018
    
    知识产权精品案例评析.2018=Analysis and review of selected intellectual property cases.2018/黎炽森主编.-北京:知识产权出版社有限责任公司,2019
    432页;24cm
    
    
    ISBN 978-7-5130-6181-0:CNY98.00
    本书收集的47个案例是本书编委会组织资深法官从2018年审理的优秀案件中评选出的精品,并配以最新解读评析。本书延续2017年出版的《知识产权精品案例评析(2015-2017)》的案例汇编思路,在编排体例上,本书围绕广州知识产权法院践行的“司法主导、严格保护、分类施策、比例协调”司法政策要求,从深化审判理念、破解审判难题、准确划定权利边界、统一侵权判定尺度、平等保护市场主体五方面进行归类,以突出法院在解决举证难、赔偿低、周期长“三难”问题上的成果,彰显在保障科技创新方面、在营造法治营商环境方面的实效。希望读者能从法官们的亲自说法中体会到判决的温度、深度和亮度,从提炼的裁判规则中感受到知识产权司法保护的主导性、全面性和权威性。
●
相关链接 在五车中查询图书 在当当中查询图书 在豆瓣中查询图书


正题名:知识产权精品案例评析     索取号:D923.4/12:2018         预约/预借

序号 登录号 条形码 馆藏地/架位号 状态 备注
1 871155   2000871155   第二书库/ [索取号:D923.4/12:2018] 在馆    
2 871156   2000871156   第二书库/ [索取号:D923.4/12:2018] 在馆    
3 871157   2000871157   第二书库/ [索取号:D923.4/12:2018] 在馆    
山东省滨州职业学院图书馆 欢迎您!
大连网信软件有限公司© 版权所有